[Event "RUS-chT U20"]
[Site "Kaliningrad"]
[Date "2013.08.10"]
[Round "9"]
[White "Goryachkin, Alexey"]
[Black "Mamchenko, Sergei"]
[Result "1-0"]
[WhiteElo "1889"]
[BlackElo "1927"]
[PlyCount "59"]
[EventDate "2013.08.02"]
[EventType "team-swiss"]
[EventRounds "9"]
[EventCountry "RUS"]
[SourceTitle "EXT 2018"]
[Source "ChessBase"]
[SourceDate "2017.10.13"]
[SourceVersion "1"]
[SourceVersionDate "2017.10.13"]
[SourceQuality "1"]

1. d4 Nf6 2. c4 e6 3. g3 d5 4. Nf3 Be7 5. Bg2 0-0 6. 0-0 c6 7. Nbd2 b6 8. Qc2 Nbd7 9. Rd1 Ba6 10. b3 Rc8 11. e4 Ne8 12. Bb2 Nc7 13. Rac1 Re8 14. Qb1 Bf8 15. Nf1 Qe7 16. Ne3 Nf6 17. exd5 cxd5 18. Ne5 Qd6 19. c5 bxc5 20. dxc5 Qe7 21. a4 Nd7 22. Nc6 Qg5 23. b4 f6 24. b5 Bxc5 25. bxa6 Bxe3 26. fxe3 Qxe3+ 27. Kh1 Qb6 28. a5 Qxa6 29. Ba3 Kf7 30. Bf1 1-0

[Event "RUS-chT U20"]
[Site "Kaliningrad"]
[Date "2013.08.09"]
[Round "8"]
[White "Mamchenko, Sergei"]
[Black "Chibukhchyan, Erik"]
[Result "1-0"]
[WhiteElo "1927"]
[BlackElo "1506"]
[PlyCount "65"]
[EventDate "2013.08.02"]
[EventType "team-swiss"]
[EventRounds "9"]
[EventCountry "RUS"]
[SourceTitle "EXT 2018"]
[Source "ChessBase"]
[SourceDate "2017.10.13"]
[SourceVersion "1"]
[SourceVersionDate "2017.10.13"]
[SourceQuality "1"]

1. d4 Nf6 2. c4 e6 3. Nf3 d5 4. cxd5 exd5 5. Nc3 c6 6. Bg5 Be7 7. e3 Bf5 8. Bd3 Bg6 9. Rb1 b5 10. Ne5 Nfd7 11. Bxe7 Qxe7 12. Nf3 Nb6 13. 0-0 0-0 14. Bxg6 fxg6 15. Qd3 N8d7 16. Ne2 a6 17. b3 g5 18. Rbc1 Rac8 19. Ng3 g4 20. Nd2 Kh8 21. Rc2 Qg5 22. Rfc1 Qf6 23. Qe2 g6 24. f3 gxf3 25. Nxf3 Rfe8 26. Qd3 Qe6 27. Nf1 Qe4 28. Qxe4 dxe4 29. Ng5 Re7 30. Rxc6 Rf8 31. Re6 Rxe6 32. Nxe6 Rf6 33. Ng5 1-0

[Event "RUS-chT U20"]
[Site "Kaliningrad"]
[Date "2013.08.05"]
[Round "4"]
[White "Malyshev, Grigory"]
[Black "Mamchenko, Sergei"]
[Result "1-0"]
[WhiteElo "2019"]
[BlackElo "1927"]
[PlyCount "87"]
[EventDate "2013.08.02"]
[EventType "team-swiss"]
[EventRounds "9"]
[EventCountry "RUS"]
[SourceTitle "EXT 2018"]
[Source "ChessBase"]
[SourceDate "2017.10.13"]
[SourceVersion "1"]
[SourceVersionDate "2017.10.13"]
[SourceQuality "1"]

1. d4 Nf6 2. c4 e6 3. Nc3 Bb4 4. e3 b6 5. Nge2 Ba6 6. a3 Bxc3+ 7. Nxc3 d5 8. b3 0-0 9. Be2 Nbd7 10. 0-0 c5 11. cxd5 Bxe2 12. Nxe2 Nxd5 13. Bb2 Qg5 14. dxc5 Nxc5 15. b4 Ne4 16. Qd4 Nef6 17. Rfd1 Rfe8 18. Qe5 Qxe5 19. Bxe5 Rac8 20. Rac1 Red8 21. Bd4 Re8 22. Kf1 Kf8 23. Ke1 Rxc1 24. Rxc1 Ke7 25. Bxf6+ Kxf6 26. e4 Ne7 27. Rc7 Nc8 28. f4 e5 29. f5 Nd6 30. Nc3 Rc8 31. h4 g6 32. Nd5+ Kg7 33. f6+ Kh6 34. Rxa7 Nxe4 35. Rxf7 g5 36. hxg5+ Nxg5 37. Re7 Ra8 38. f7 Rf8 39. Nxb6 Nxf7 40. Nd7 Ra8 41. Rxf7 Rxa3 42. b5 Kg6 43. Rf6+ Kg7 44. Rc6 1-0

[Event "Minsk op"]
[Site "Minsk"]
[Date "2012.07.10"]
[Round "1"]
[White "Khalifman, Alexander"]
[Black "Mamchenko, Sergei"]
[Result "1-0"]
[WhiteElo "2642"]
[BlackElo "2014"]
[PlyCount "62"]
[EventDate "2012.07.10"]
[EventType "swiss"]
[EventRounds "9"]
[EventCountry "BLR"]
[SourceTitle "EXT 2013"]
[Source "ChessBase"]
[SourceDate "2012.11.22"]
[SourceVersion "1"]
[SourceVersionDate "2012.11.22"]
[SourceQuality "1"]

1. c4 c6 2. Nf3 d5 3. e3 Nf6 4. Nc3 Bf5 5. cxd5 Nxd5 6. d4 e6 7. Bc4 Nd7 8. 0-0 N7f6 9. Nh4 Bg6 10. Nxg6 hxg6 11. g3 Nxc3 12. bxc3 Qa5 13. Qe2 Ne4 14. Bb2 Nxc3 15. Bxc3 Qxc3 16. Rab1 Rb8 17. Ba6 Ba3 18. Bxb7 0-0 19. Qa6 Bd6 20. Rfc1 Qd2 21. Rxc6 Bb4 22. Qxa7 Ba5 23. Qa6 Rfe8 24. Rc5 Bb4 25. Rb5 Be7 26. R5b2 Qc3 27. a4 Bf6 28. Rb3 Qd2 29. Qd3 Qa5 30. Qb5 Qd2 31. a5 Ra8 1-0